Historic Delhi : (Record no. 20791)

MARC details
000 -LEADER
fixed length control field 01157cam a2200313 a 4500
001 - CONTROL NUMBER
control field 3348658
003 - CONTROL NUMBER IDENTIFIER
control field BDDh-ASL
005 - DATE AND TIME OF LATEST TRANSACTION
control field 20231015025933.0
008 - FIXED-LENGTH DATA ELEMENTS--GENERAL INFORMATION
fixed length control field 860128s1985 ii abf b 001 0 eng
010 ## - LIBRARY OF CONGRESS CONTROL NUMBER
LC control number 85903946
020 ## - INTERNATIONAL STANDARD BOOK NUMBER
International Standard Book Number 0195614844 :
Terms of availability Rs180.00
040 ## - CATALOGING SOURCE
Original cataloging agency DLC
Transcribing agency DLC
Modifying agency DLC
-- BDDh-ASL
043 ## - GEOGRAPHIC AREA CODE
Geographic area code a-ii---
050 00 - LIBRARY OF CONGRESS CALL NUMBER
Classification number DS485.D3
Item number H55 1985
082 00 - DEWEY DECIMAL CLASSIFICATION NUMBER
Classification number 954.56
Edition number 19
Item number HIS
245 00 - TITLE STATEMENT
Title Historic Delhi :
Remainder of title an anthology /
Statement of responsibility, etc. chosen and edited by H.K. Kaul.
260 ## - PUBLICATION, DISTRIBUTION, ETC.
Place of publication, distribution, etc. Delhi ;
-- New York :
Name of publisher, distributor, etc. Oxford University Press,
Date of publication, distribution, etc. 1985.
300 ## - PHYSICAL DESCRIPTION
Extent xli, 449 p., [29] p. of plates :
Other physical details ill., map ;
Dimensions 23 cm.
500 ## - GENERAL NOTE
General note Includes index.
504 ## - BIBLIOGRAPHY, ETC. NOTE
Bibliography, etc. note Bibliography: p. [419]-427.
651 #0 - SUBJECT ADDED ENTRY--GEOGRAPHIC NAME
Geographic name Delhi (India)
General subdivision History.
651 #0 - SUBJECT ADDED ENTRY--GEOGRAPHIC NAME
Geographic name Delhi (India)
General subdivision Description and travel.
700 1# - ADDED ENTRY--PERSONAL NAME
Personal name Kaul, H. K.
Fuller form of name (Hari Krishen),
Dates associated with a name 1941-2020.
856 42 - ELECTRONIC LOCATION AND ACCESS
Materials specified Publisher description
Uniform Resource Identifier <a href="http://www.loc.gov/catdir/enhancements/fy0603/85903946-d.html">http://www.loc.gov/catdir/enhancements/fy0603/85903946-d.html</a>
856 42 - ELECTRONIC LOCATION AND ACCESS
Materials specified Contributor biographical information
Uniform Resource Identifier <a href="http://www.loc.gov/catdir/enhancements/fy0723/85903946-b.html">http://www.loc.gov/catdir/enhancements/fy0723/85903946-b.html</a>
906 ## - LOCAL DATA ELEMENT F, LDF (RLIN)
a 7
b cbc
c orignew
d 3
e ncip
f 19
g y-gencatlg
942 ## - ADDED ENTRY ELEMENTS (KOHA)
Source of classification or shelving scheme Dewey Decimal Classification
Koha item type Books
Holdings
Withdrawn status Lost status Source of classification or shelving scheme Damaged status Not for loan Collection code Home library Current library Shelving location Date acquired Source of acquisition Total Checkouts Full call number Barcode Date last seen Copy number Price effective from Koha item type Public note
    Dewey Decimal Classification   Not For Loan Non-fiction Asiatic Society Library Asiatic Society Library Ludden Collection 01/14/2021 Donated by Prof. David Ludden   954.56 HIS 104291 01/14/2021 C-1 01/14/2021 Books RARE

Powered by Koha